|
|
|
|
| LEADER |
01380cam a2200373Ia 4500 |
| 001 |
9780203982693 |
| 003 |
FlBoTFG |
| 005 |
20091230162920.0 |
| 006 |
a|||||s||||||||||| |
| 007 |
cr|||| |
| 008 |
980609s1999 enka sb 001 0 eng d |
| 020 |
|
|
|a 9780203982693 (e-book : PDF)
|
| 040 |
|
|
|a FlBoTFG
|c FlBoTFG
|d GrThAP
|
| 043 |
|
|
|a e------
|a ff-----
|a aw-----
|
| 090 |
|
|
|a PA6021
|b .P68 1999
|
| 092 |
|
|
|a 870.9358
|b P866
|
| 100 |
1 |
|
|a Potter, D. S.
|q (David Stone),
|d 1957-
|
| 245 |
1 |
0 |
|a Literary texts and the Roman historian
|h [electronic resource] /
|c David S. Potter.
|
| 260 |
|
|
|a London ;
|a New York :
|b Routledge,
|c 1999.
|
| 300 |
|
|
|a x, 218 p. :
|b ill.
|
| 490 |
1 |
|
|a Approaching the ancient world
|
| 504 |
|
|
|a Includes bibliographical references (p. [203]-211) and index.
|
| 530 |
|
|
|a Also available in print edition.
|b CRC Press (http://www.crcpress.com)
|
| 538 |
|
|
|a Mode of access: World Wide Web.
|
| 650 |
|
0 |
|a Latin literature
|x History and criticism.
|
| 650 |
|
0 |
|a Civilization, Ancient, in literature.
|
| 650 |
|
0 |
|a History, Ancient
|x Historiography.
|
| 650 |
|
0 |
|a Literature and history
|z Rome.
|
| 650 |
|
0 |
|a Rhetoric, Ancient.
|
| 651 |
|
0 |
|a Rome
|x Historiography.
|
| 655 |
|
7 |
|a Electronic books.
|2 lcsh
|
| 776 |
1 |
|
|z 9780415088961
|
| 830 |
|
0 |
|a Approaching the ancient world.
|
| 856 |
4 |
0 |
|u http://www.tandfebooks.com/isbn/9780203982693
|z Full Text via HEAL-Link
|